Fluid mechanics and turbomachinery : problems and solutions / Bijay K. Sultanian. (Record no. 22090)

000 -LEADER
fixed length control field 00510nam a22001457a 4500
020 ## - INTERNATIONAL STANDARD BOOK NUMBER
ISBN 9780367514747
082 ## - DEWEY DECIMAL CLASSIFICATION NUMBER
Classification number 621.406
Item number Su85 2022
100 ## - MAIN ENTRY--AUTHOR NAME
Personal name Sultanian, Bijay K., author
245 ## - TITLE STATEMENT
Title Fluid mechanics and turbomachinery : problems and solutions / Bijay K. Sultanian.
260 ## - PUBLICATION, DISTRIBUTION, ETC. (IMPRINT)
Place of publication Boca Raton :
Name of publisher CRC Press,
Year of publication © 2022.
300 ## - PHYSICAL DESCRIPTION
Number of Pages 1 online resource, xxxix, 390 pages :
Other physical details illustrations.
500 ## - GENERAL NOTE
General note Includes bibliographical references and index.
650 ## - SUBJECT ADDED ENTRY--TOPICAL TERM
Topical Term Turbomachinery.
942 ## - ADDED ENTRY ELEMENTS (KOHA)
Koha item type Electronic Books
Holdings
Source of acquisition Permanent Location Date acquired Collection code Koha item type Lost status Shelving location Withdrawn status Current Location Full call number
DonationCagayan State University - Carig Library2026-04-14E-BooksElectronic Books E-Resource Section Cagayan State University - Carig Library621.406 S85 2022

Cagayan State University University Library, Carig Campus
Tuguegarao City, Cagayan 3500 | www.csucarig.edu.ph

Powered by Koha